Collector's handbook for private die proprietary proofs and census of the Morton Dean Joyce Collection of these issues (Record no. 2290)

000 -LEADER
fixed length control field 00451nam a22000977a 4500
008 - FIXED-LENGTH DATA ELEMENTS--GENERAL INFORMATION
fixed length control field 170227b xxu||||| |||| 00| 0 eng d
100 ## - MAIN ENTRY--AUTHOR'S NAME
Author's Name Friedberg, Richard
245 ## - TITLE STATEMENT
Title Collector's handbook for private die proprietary proofs and census of the Morton Dean Joyce Collection of these issues
260 ## - PUBLICATION, DISTRIBUTION, ETC. (IMPRINT)
Name of publisher, distributor, etc. R. Friedberg
Date of publication, distribution, etc. 199-
650 ## - TOPICAL TERM (Tag)
Topical term or geographic name United States | Revenues | Essays and Proofs | Census | Cinderella Material | Production | Collections | Joyce, Morton Dean
Holdings
Withdrawn status Lost status Source of classification or shelving scheme Damaged status Koha normalized classification for sorting Not for loan Permanent Location Current Location Shelving location Date acquired Total Checkouts Full call number Barcode Date last seen Date last checked out Copy number Price effective from
        G3701 E78 F899   Northern Philatelic Library Northern Philatelic Library General Stacks 02/27/2017 1 G3701 E78 F899 1002727 04/07/2018 03/31/2018 1 02/27/2017

Powered by Koha